000 00625nam a2200193 i 4500
001 52081
003 ES-MaACL
005 20250316174445.0
007 t|
008 030825s1972 sp ||||1| spa d
100 1 _aChomsky, Noam,
_d1928-
_938607
245 1 0 _aConocimiento y libertad /
_cNoam Chomsky ; prólogo y notas de Carlos-Peregrín Otero ; [traducción castellana de C.P. Otero].
260 _aBarcelona :
_bAriel,
_c[1972]
300 _a187 p. ;
_c18 cm.
700 0 _aPeregrin Otero, Carlos.
_990462
700 1 _aSempere, Joaquín.
_9105403
852 _aES-MaACL
_jC-45979
_bR.83587
999 _c52081
_d52081